000 00426nam a22001697a 4500
005 20180630161037.0
008 160614b xxu||||| |||| 00| 0 eng d
020 _a81-7722-301-1
041 _aeng
082 _b7574
_a658
100 _aChopra, Prof. R. P. & Prof S.K.
_91927
245 _aComdex MBA (Mgt. Entrance Examinations)
260 _bWily India
_c2003
300 _ak-84
650 _aManagement
_9241
942 _cBK
999 _c2706
_d2705